Languages : Animals from Italian to English - Statistics

General Stats
  • This quiz has been taken 641 times
  • The average score is 7 of 10
Answer Stats
Italian And english % Correct
Cane Dog
98%
Gatto Cat
97%
Leone Lion
94%
Porco Pig
86%
Tartaruga Tortoise
81%
Orso Bear
77%
Squalo Shark
47%
Scoiattolo Squirrel
47%
Porcellino d'India Guinea pig
45%
Cervo Deer
38%
No matching quizzes found
Score Distribution
Percent of People with Each Score
Percentile by Number Answered
Your Score History
You have not taken this quiz